| 000 | 00441nam a2200181Ia 4500 | ||
|---|---|---|---|
| 003 | GCL | ||
| 008 | 140319s9999 xx 000 0 eng d | ||
| 040 |
_aGCL / _cGCL |
||
| 082 | 0 | 4 |
_a843 _bD R |
| 100 | 1 | _aDIDEROT | |
| 245 | 1 | 0 |
_aLA RELIGIEUSE / _cDIDEROT |
| 260 |
_a[S.N] : _bLE LIVRE DE POCHE ، _c1983 |
||
| 300 | _a314 P | ||
| 490 |
_aLE LIVRE DE POCHE _v0 |
||
| 650 | 0 | 4 | _aLITERATURE |
| 650 | 0 | 4 | _aFRENCH LITERATURE |
| 942 |
_2ddc _cBK |
||
| 999 |
_c22312 _d22312 |
||